Исследование физико-энергетических характеристик азида свинца в сильном импульсном электрическом поле: Диссертация на соискание ученой степени кандидата технических наук

Detalles Bibliográficos
Autor principal: Гаврилин А. И.
Autor Corporativo: Томский политехнический институт (ТПИ)
Otros Autores: Мельников М. А. (научный руководитель)
Lenguaje:ruso
Publicado: Томск, [Б. и.], 1967
Materias:
Formato: Libro
KOHA link:https://koha.lib.tpu.ru/cgi-bin/koha/opac-detail.pl?biblionumber=224889

MARC

LEADER 00000nbm0a2200000 4500
001 224889
005 20231101230626.0
035 |a (RuTPU)RU\TPU\book\245208 
090 |a 224889 
100 |a 20121031d1967 k y0rusy50 ca 
101 0 |a rus 
102 |a RU 
105 |a a m 001zy 
200 1 |a Исследование физико-энергетических характеристик азида свинца в сильном импульсном электрическом поле  |e Диссертация на соискание ученой степени кандидата технических наук  |f А. И. Гаврилин  |g Томский политехнический институт (ТПИ) ; науч. рук. М. А. Мельников 
210 |a Томск  |c [Б. и.]  |d 1967 
215 |a 164 л.  |c ил. 
320 |a Библиогр.: с.157-162. 
606 1 |a Взрывчатые вещества  |x Инициирование  |x Химическая технология  |2 stltpush  |3 (RuTPU)RU\TPU\subj\32978  |9 55348 
610 1 |a физико-энергетические основы 
610 1 |a азиды 
610 1 |a свинец 
610 1 |a электрическое поле 
610 1 |a мостовые схемы 
610 1 |a импульсные токи 
610 1 |a детонация 
610 1 |a возбуждение 
610 1 |a электропроводность 
610 1 |a осциллографирование 
610 1 |a барий 
610 1 |a диссертации 
675 |a 662.4(04)  |v 3 
700 1 |a Гаврилин  |b А. И. 
702 1 |a Мельников  |b М. А.  |4 727 
712 0 2 |a Томский политехнический институт (ТПИ)  |c (1944-1991)  |2 stltpush  |3 (RuTPU)RU\TPU\col\1123 
801 1 |a RU  |b 63413507  |c 20121031 
801 2 |a RU  |b 63413507  |c 20121101  |g RCR 
942 |c BK